| 000 | 00453nam a2200121Ia 4500 | ||
|---|---|---|---|
| 008 | 171212s9999 xx 000 0 und d | ||
| 020 | _a9780833053206 | ||
| 100 | _aTreverton, Gregory F.;Wollman, Matt;Wilke, Elizabeth;Lai, Deborah | ||
| 245 |
_cTreverton, Gregory F.;Wollman, Matt;Wilke, Elizabeth;Lai, Deborah _aMoving Toward the Future of Policing |
||
| 260 |
_bRAND Corporation _c2011 |
||
| 650 | _aLaw | ||
| 856 | _uwww.jstor.org/stable/10.7249/mg1102 | ||
| 999 |
_c352343 _d352343 |
||